Golden age sermons for juniors. (Record no. 12281)

000 -LEADER
fixed length control field 00555nam a2200181 a 4500
001 - CONTROL NUMBER
control field :::00010083$&:&@@
003 - CONTROL NUMBER IDENTIFIER
control field OkBaRHE
005 - DATE AND TIME OF LATEST TRANSACTION
control field 20000607103356.0
008 - FIXED-LENGTH DATA ELEMENTS--GENERAL INFORMATION
fixed length control field s1930 j 000 0 eng u
040 ## - CATALOGING SOURCE
Transcribing agency
100 1# - MAIN ENTRY--PERSONAL NAME
Personal name Dickert, Thomas Wilson.
245 10 - TITLE STATEMENT
Title Golden age sermons for juniors.
260 ## - PUBLICATION, DISTRIBUTION, ETC. (IMPRINT)
Place of publication, distribution, etc New York, NY., :
Name of publisher, distributor, etc Fleming H. Revell Co.
Date of publication, distribution, etc c1930
300 ## - PHYSICAL DESCRIPTION
Extent 181 p. ;
Dimensions 19 cm.
650 ## - SUBJECT ADDED ENTRY--TOPICAL TERM
Topical term or geographic name as entry element Children's Sermons
942 ## - ADDED ENTRY ELEMENTS (KOHA)
Source of classification or shelving scheme
Koha item type Books
Copies
Barcode Copy number Price effective from Withdrawn status Koha item type Shelving location Date last seen Not for loan Date acquired Permanent Location Damaged status Lost status Full call number Source of classification or shelving scheme
1008312010-04-14 BooksGeneral Stacks2010-04-14 2010-04-14RHEMA Bible Training College  BV 4315 .D5G6